[Event "Budapest-chT1 Lilienthal 1718"]
[Site "Budapest"]
[Date "2018.02.11"]
[Round "9"]
[White "Letay, Gyula"]
[Black "Grimm, Balazs"]
[Result "1/2-1/2"]
[WhiteElo "1966"]
[BlackElo "1785"]
[PlyCount "104"]
[EventDate "2017.10.01"]
[EventType "team-tourn"]
[EventRounds "13"]
[EventCountry "HUN"]
[SourceTitle "EXT 2021"]
[Source "ChessBase"]
[SourceDate "2020.10.23"]
[SourceVersion "1"]
[SourceVersionDate "2020.10.23"]
[SourceQuality "1"]
[WhiteTeam "Budapest Vasas II"]
[BlackTeam "Barcza GSC"]
[WhiteTeamCountry "HUN"]
[BlackTeamCountry "HUN"]

1. e4 c5 2. Nc3 Nc6 3. g3 g6 4. Bg2 Bg7 5. d3 Nf6 6. h3 0-0 7. Be3 d6 8. Nge2 Rb8 9. 0-0 b5 10. Qd2 b4 11. Nd1 c4 12. d4 Bb7 13. d5 Ne5 14. Bxa7 Ra8 15. Bd4 b3 16. Nc1 bxc2 17. Qxc2 Ba6 18. Bxe5 dxe5 19. Nc3 Qb6 20. N1e2 Nd7 21. Rfb1 f5 22. Nc1 f4 23. g4 f3 24. Bf1 Nc5 25. b4 cxb3 26. Nxb3 Bxf1 27. Kxf1 Qa6+ 28. Kg1 Nd3 29. Na5 Nxf2 30. Nc6 Nxh3+ 31. Kh2 Nf4 32. Nxe7+ Kh8 33. Nc6 Qc8 34. Rg1 h5 35. Qf2 Bh6 36. Raf1 Ne2 37. Nxe2 Rxa2 38. Re1 fxe2 39. Qh4 Bf4+ 40. Kh1 Be3 41. Ne7 Qe8 42. d6 Rd2 43. gxh5 g5 44. Rxg5 Bxg5 45. Qxg5 Rxd6 46. Ng6+ Rxg6 47. hxg6 Kg7 48. Rxe2 Rh8+ 49. Rh2 Rxh2+ 50. Kxh2 Qxg6 51. Qe7+ Qf7 52. Qxe5+ Qf6 1/2-1/2

[Event "Budapest Spring op"]
[Site "Budapest"]
[Date "2016.03.24"]
[Round "6"]
[White "Letay, Gyula"]
[Black "Szlenka, Attila"]
[Result "1/2-1/2"]
[WhiteElo "1994"]
[BlackElo "1774"]
[PlyCount "62"]
[EventDate "2016.03.18"]
[EventType "swiss"]
[EventRounds "9"]
[EventCountry "HUN"]
[SourceTitle "CBM 171 Extra"]
[Source "ChessBase"]
[SourceDate "2016.04.26"]
[SourceVersion "1"]
[SourceVersionDate "2016.04.26"]
[SourceQuality "1"]

1. g3 c5 2. Bg2 Nc6 3. d3 d6 4. e4 g6 5. Nc3 Bg7 6. Be3 Nf6 7. h3 0-0 8. Qd2 Re8 9. Nge2 Qa5 10. 0-0 Bd7 11. f4 e5 12. f5 Rf8 13. g4 Ne8 14. Bh6 f6 15. Bxg7 Kxg7 16. g5 Qd8 17. fxg6 hxg6 18. Nd5 f5 19. exf5 Bxf5 20. Ng3 Ne7 21. Nxe7 Qxe7 22. Rf2 Qe6 23. Raf1 d5 24. h4 Nd6 25. h5 Rf7 26. hxg6 Kxg6 27. Bh3 Raf8 28. Nxf5 Nxf5 29. Qd1 c4 30. dxc4 dxc4 31. Bxf5+ Rxf5 1/2-1/2

[Event "Budapest Spring op"]
[Site "Budapest"]
[Date "2016.03.19"]
[Round "2"]
[White "Halak, Miklos"]
[Black "Letay, Gyula"]
[Result "1-0"]
[WhiteElo "2244"]
[BlackElo "1994"]
[PlyCount "65"]
[EventDate "2016.03.18"]
[EventType "swiss"]
[EventRounds "9"]
[EventCountry "HUN"]
[SourceTitle "CBM 171 Extra"]
[Source "ChessBase"]
[SourceDate "2016.04.26"]
[SourceVersion "1"]
[SourceVersionDate "2016.04.26"]
[SourceQuality "1"]

1. e4 c5 2. c3 Nf6 3. e5 Nd5 4. d4 cxd4 5. Nf3 e6 6. cxd4 Be7 7. Nc3 Nxc3 8. bxc3 d5 9. Bd3 0-0 10. 0-0 a6 11. a4 Nd7 12. Qe2 Qc7 13. Bd2 Nb6 14. h4 Bd7 15. Bc2 Nc4 16. Qd3 g6 17. Bh6 Rfc8 18. Ng5 Be8 19. Rac1 b5 20. h5 Nb2 21. Qh3 Qxc3 22. g3 Bxg5 23. hxg6 hxg6 24. Bxg5 Qf3 25. Bf6 Qh5 26. Qg2 Rc4 27. g4 Qh6 28. Qg3 Rac8 29. Kg2 Rc3 30. Rh1 Rxg3+ 31. Kxg3 Qg7 32. Rh3 Rxc2 33. Rxc2 1-0

[Event "Perenyi Memorial"]
[Site "Budapest"]
[Date "2016.01.13"]
[Round "7"]
[White "Boguszlavszkij, Jevgenyij"]
[Black "Letay, Gyula"]
[Result "1-0"]
[WhiteElo "2193"]
[BlackElo "1931"]
[PlyCount "49"]
[EventDate "2016.01.06"]
[EventType "swiss"]
[EventRounds "9"]
[EventCountry "HUN"]
[SourceTitle "CBM 170 Extra"]
[Source "ChessBase"]
[SourceDate "2016.02.25"]
[SourceVersion "1"]
[SourceVersionDate "2016.02.25"]
[SourceQuality "1"]

1. e4 e5 2. Nf3 Nc6 3. Nc3 Nf6 4. d4 exd4 5. Nxd4 Bc5 6. Nxc6 bxc6 7. Bd3 d6 8. h3 h6 9. 0-0 0-0 10. Qf3 a5 11. e5 Nh7 12. Qxc6 Bd7 13. Qe4 g6 14. exd6 Bxd6 15. Bxh6 Re8 16. Qc4 Be6 17. Qc6 Qh4 18. Bd2 Rad8 19. Rae1 f5 20. Nb5 Nf6 21. Rxe6 Rxe6 22. Bc4 Kf8 23. Bxe6 Ne4 24. Be3 Qe7 25. Bh6+ 1-0

[Event "Budapest-chT1 Lilienthal 1516"]
[Site "Budapest"]
[Date "2015.10.11"]
[Round "3"]
[White "Letay, Gyula"]
[Black "Nagy, Laszlo"]
[Result "1-0"]
[WhiteElo "1940"]
[BlackElo "1990"]
[PlyCount "85"]
[EventDate "2015.09.20"]
[EventType "team-tourn"]
[EventRounds "9"]
[EventCountry "HUN"]
[SourceTitle "EXT 2021"]
[Source "ChessBase"]
[SourceDate "2020.10.23"]
[SourceVersion "1"]
[SourceVersionDate "2020.10.23"]
[SourceQuality "1"]
[WhiteTeam "Budapest Vasas II"]
[BlackTeam "Fabulon"]
[WhiteTeamCountry "HUN"]
[BlackTeamCountry "HUN"]

1. Nf3 d6 2. d3 g6 3. g3 Bg7 4. Bg2 Nf6 5. h3 0-0 6. 0-0 e5 7. e4 Nc6 8. Qe2 h6 9. Re1 Be6 10. Nbd2 Qd7 11. Kh2 Kh7 12. g4 Nxg4+ 13. hxg4 Bxg4 14. c3 f5 15. Nf1 f4 16. Kg1 Bf6 17. N1h2 Bh5 18. Kh1 Rg8 19. Rg1 Rg7 20. d4 g5 21. dxe5 dxe5 22. Qb5 g4 23. Nd2 g3 24. fxg3 Rxg3 25. Ndf1 Rg5 26. Qd5 Qg7 27. Qd3 Rg8 28. Qh3 Bg4 29. Qd3 Rd8 30. Qc2 Rh5 31. Bxf4 exf4 32. e5+ Bf5 33. Be4 Qxg1+ 34. Kxg1 Rg8+ 35. Kh1 Nxe5 36. Bxf5+ Kh8 37. Be6 Rgg5 38. Re1 Nf3 39. Qf2 Nxe1 40. Qxe1 Re5 41. Qd1 Bh4 42. Qd7 Bg3 43. Qe8+ 1-0

[Event "Budapest FS07 FM-A"]
[Site "Budapest"]
[Date "2015.07.04"]
[Round "1"]
[White "Bornheim, Craig"]
[Black "Letay, Gyula"]
[Result "1-0"]
[WhiteElo "2007"]
[BlackElo "1969"]
[PlyCount "67"]
[EventDate "2015.07.04"]
[EventType "tourn"]
[EventRounds "9"]
[EventCountry "HUN"]
[SourceTitle "CBM 167 Extra"]
[Source "ChessBase"]
[SourceDate "2015.09.14"]
[SourceVersion "1"]
[SourceVersionDate "2015.09.14"]
[SourceQuality "1"]

1. d4 d5 2. c4 e6 3. Nc3 c6 4. e4 dxe4 5. Nxe4 Nd7 6. Nf3 Ngf6 7. Nc3 Be7 8. Bd3 0-0 9. 0-0 b6 10. Re1 Bb7 11. Bf4 a6 12. h3 Re8 13. Bc2 Bb4 14. a3 Bxc3 15. bxc3 c5 16. Ba4 Bxf3 17. Qxf3 b5 18. cxb5 Nb6 19. Bc2 cxd4 20. bxa6 dxc3 21. Bd3 Nbd5 22. Be5 Qa5 23. Rec1 Rac8 24. a4 Nd7 25. Bd4 e5 26. Bb5 exd4 27. Bxd7 Red8 28. Bxc8 Rxc8 29. Rab1 c2 30. Rxc2 Nc3 31. Qb7 Rd8 32. a7 h6 33. Qb6 Qd5 34. Qxd8+ 1-0

[Event "Budapest FS06 FM-A"]
[Site "Budapest"]
[Date "2015.06.16"]
[Round "10"]
[White "Nagy, Laszlo"]
[Black "Letay, Gyula"]
[Result "1-0"]
[WhiteElo "1978"]
[BlackElo "1977"]
[PlyCount "91"]
[EventDate "2015.06.06"]
[EventType "tourn"]
[EventRounds "10"]
[EventCountry "HUN"]
[SourceTitle "CBM 166 Extra"]
[Source "ChessBase"]
[SourceDate "2015.06.18"]
[SourceVersion "1"]
[SourceVersionDate "2015.06.18"]
[SourceQuality "1"]

1. c4 Nf6 2. Nc3 e6 3. d4 d5 4. Nf3 Be7 5. Bg5 0-0 6. e3 b6 7. Qc2 h6 8. Bh4 Bb7 9. Bd3 Nbd7 10. 0-0 a6 11. b3 c5 12. Rac1 Rc8 13. Qb1 Qc7 14. cxd5 exd5 15. e4 dxe4 16. Nxe4 Bxe4 17. Bxe4 Rfe8 18. Bd3 Qb7 19. Rfe1 Rcd8 20. Ne5 Nxe5 21. dxe5 Ng4 22. Bg3 h5 23. Be4 Qa7 24. Bc6 Rf8 25. h3 Nh6 26. f4 Qc7 27. Be4 h4 28. Bf2 Rd7 29. Rcd1 Rfd8 30. Be3 b5 31. Rxd7 Rxd7 32. Rd1 Rxd1+ 33. Qxd1 c4 34. Kh1 c3 35. Bc2 g6 36. e6 Nf5 37. exf7+ Kxf7 38. Qd5+ Kf6 39. Bxf5 gxf5 40. Bd4+ Kg6 41. Qe6+ Bf6 42. Qxf6+ Kh7 43. Qxf5+ Kg8 44. Qg6+ Kf8 45. Qf6+ Ke8 46. Qh8+ 1-0

[Event "Budapest FS06 FM-A"]
[Site "Budapest"]
[Date "2015.06.15"]
[Round "9"]
[White "Letay, Gyula"]
[Black "Juracsik, Jozsef"]
[Result "1/2-1/2"]
[WhiteElo "1977"]
[BlackElo "2088"]
[PlyCount "33"]
[EventDate "2015.06.06"]
[EventType "tourn"]
[EventRounds "10"]
[EventCountry "HUN"]
[SourceTitle "CBM 166 Extra"]
[Source "ChessBase"]
[SourceDate "2015.06.18"]
[SourceVersion "1"]
[SourceVersionDate "2015.06.18"]
[SourceQuality "1"]

1. e4 e5 2. Nf3 Nc6 3. Bc4 Bc5 4. c3 Nf6 5. d4 exd4 6. cxd4 Bb4+ 7. Nc3 Nxe4 8. Qb3 0-0 9. 0-0 Nxc3 10. bxc3 Be7 11. Qb5 a6 12. Qd5 Bf6 13. Ng5 Ne7 14. Qxf7+ Rxf7 15. Nxf7 Qf8 16. Nh6+ Kh8 17. Nf7+ 1/2-1/2

[Event "Budapest FS06 FM-A"]
[Site "Budapest"]
[Date "2015.06.13"]
[Round "7"]
[White "Letay, Gyula"]
[Black "Kaufmann, Attila"]
[Result "1-0"]
[WhiteElo "1977"]
[BlackElo "1968"]
[PlyCount "93"]
[EventDate "2015.06.06"]
[EventType "tourn"]
[EventRounds "10"]
[EventCountry "HUN"]
[SourceTitle "CBM 166 Extra"]
[Source "ChessBase"]
[SourceDate "2015.06.18"]
[SourceVersion "1"]
[SourceVersionDate "2015.06.18"]
[SourceQuality "1"]

1. e4 c6 2. d3 d5 3. Nd2 e5 4. Ngf3 Bd6 5. g3 Ne7 6. h3 Na6 7. Bg2 0-0 8. 0-0 Ng6 9. Re1 Qc7 10. Qe2 Bd7 11. c4 Rae8 12. a3 d4 13. b4 c5 14. b5 Nb8 15. Nf1 Bc8 16. N1h2 Nd7 17. h4 Nf6 18. Bg5 Nh5 19. Nd2 Nf6 20. h5 Ne7 21. h6 Nd7 22. hxg7 Kxg7 23. Qh5 Ng8 24. Ng4 Re6 25. Nf3 Rg6 26. Nh4 Ndf6 27. Bxf6+ Nxf6 28. Nxf6 Rxf6 29. Qg5+ Rg6 30. Nxg6 hxg6 31. Rf1 Qa5 32. Qc1 Bg4 33. f3 Bd7 34. f4 Bg4 35. fxe5 Be7 36. Bf3 Bh3 37. Rf2 Qd8 38. Rh2 Bg5 39. Qe1 Be3+ 40. Kh1 Be6 41. Kg2 Qg5 42. Qh1 Qxe5 43. Rh7+ Kf6 44. Rh8 Qb8 45. Qh4+ Bg5 46. Rxf8 Qxf8 47. e5+ 1-0

[Event "Budapest FS06 FM-A"]
[Site "Budapest"]
[Date "2015.06.10"]
[Round "5"]
[White "Letay, Gyula"]
[Black "Nagy, Laszlo"]
[Result "1/2-1/2"]
[WhiteElo "1977"]
[BlackElo "1978"]
[PlyCount "161"]
[EventDate "2015.06.06"]
[EventType "tourn"]
[EventRounds "10"]
[EventCountry "HUN"]
[SourceTitle "CBM 166 Extra"]
[Source "ChessBase"]
[SourceDate "2015.06.18"]
[SourceVersion "1"]
[SourceVersionDate "2015.06.18"]
[SourceQuality "1"]

1. e4 d6 2. d4 g6 3. Nc3 Bg7 4. Be3 Nf6 5. f3 0-0 6. Qd2 e5 7. d5 a6 8. g4 b5 9. h4 Bb7 10. h5 c5 11. Nce2 Qc7 12. Ng3 Nbd7 13. hxg6 fxg6 14. Nh3 Rfc8 15. Ng5 Nf8 16. Qh2 Bh8 17. Be2 c4 18. Kf2 Bxd5 19. exd5 Nxd5 20. Bd2 Nf6 21. Rag1 d5 22. Nf5 Qc5+ 23. Kf1 Re8 24. Rg3 Ra7 25. Nh6+ Kg7 26. Rh3 d4 27. Nhf7 Kg8 28. Rxh7 N8xh7 29. Nxh7 Kxf7 30. g5 Nd5 31. Qg3 Qd6 32. Rh4 Kg8 33. Nf6+ Bxf6 34. gxf6 Qxf6 35. Bg5 Ne3+ 36. Kf2 Qf5 37. Qh2 Rg7 38. Bxe3 dxe3+ 39. Kxe3 Qg5+ 40. Kf2 Qf5 41. Ke3 g5 42. Rg4 Qxc2 43. Bxc4+ Qxc4 44. Rxc4 bxc4 45. Qc2 Rc8 46. Qf5 Re8 47. Qf6 e4 48. Qc6 Kf8 49. Qc5+ Ree7 50. Qc8+ Re8 51. Qf5+ Kg8 52. fxe4 g4 53. Qd5+ Kf8 54. Qc5+ Ree7 55. Qc8+ Re8 56. Qc5+ Ree7 57. Kf2 g3+ 58. Kg2 Ke8 59. Qc8+ Kf7 60. Qxc4+ Kf6 61. Qd4+ Kf7 62. Qd5+ Ke8 63. Qc6+ Rd7 64. e5 Kd8 65. Qf6+ Kc7 66. Qf4 Rdf7 67. Qc4+ Kb7 68. Qd5+ Ka7 69. e6 Rc7 70. Qe4 Kb6 71. b4 a5 72. a3 axb4 73. Qxb4+ Kc6 74. Qd4 Kb5 75. Qe4 Kc5 76. Qe5+ Kc4 77. a4 Kd3 78. Qf5+ Kd4 79. a5 Kc3 80. a6 Kd4 81. Qf4+ 1/2-1/2

[Event "Budapest FS06 FM-A"]
[Site "Budapest"]
[Date "2015.06.07"]
[Round "2"]
[White "Kaufmann, Attila"]
[Black "Letay, Gyula"]
[Result "1-0"]
[WhiteElo "1968"]
[BlackElo "1977"]
[PlyCount "67"]
[EventDate "2015.06.06"]
[EventType "tourn"]
[EventRounds "10"]
[EventCountry "HUN"]
[SourceTitle "CBM 166 Extra"]
[Source "ChessBase"]
[SourceDate "2015.06.18"]
[SourceVersion "1"]
[SourceVersionDate "2015.06.18"]
[SourceQuality "1"]

1. d4 d5 2. Nf3 e6 3. c4 Nf6 4. Nc3 Be7 5. Bg5 0-0 6. e3 h6 7. Bxf6 Bxf6 8. Bd3 g6 9. 0-0 c6 10. Ne5 dxc4 11. Nxc4 Qe7 12. Ne4 Bg7 13. Qe2 Rd8 14. Rfd1 b6 15. Rac1 Bb7 16. f4 f5 17. Ned2 Nd7 18. Nf3 Re8 19. e4 c5 20. e5 Bd5 21. Nd6 Red8 22. Bc4 Bxf3 23. Qxf3 cxd4 24. Rxd4 Nf8 25. Rcd1 Kh7 26. Qc6 Rab8 27. b4 g5 28. g3 Ng6 29. Qf3 gxf4 30. gxf4 Rg8 31. Kh1 Rbd8 32. R4d2 Qh4 33. Bxe6 Rxd6 34. Bxg8+ 1-0

[Event "Budapest FS09 FM-A"]
[Site "Budapest"]
[Date "2014.09.09"]
[Round "4"]
[White "Letay, Gyula"]
[Black "Sousa, Andre Ventura"]
[Result "0-1"]
[WhiteElo "1936"]
[BlackElo "2025"]
[PlyCount "70"]
[EventDate "2014.09.06"]
[EventType "tourn"]
[EventRounds "11"]
[EventCountry "HUN"]
[SourceTitle "CBM 162 Extra"]
[Source "ChessBase"]
[SourceDate "2014.10.17"]
[SourceVersion "1"]
[SourceVersionDate "2014.10.17"]
[SourceQuality "1"]

1. e4 g6 2. d4 Bg7 3. Nc3 d5 4. e5 c5 5. Bb5+ Nc6 6. f4 cxd4 7. Qxd4 Be6 8. Nf3 Nh6 9. Nh4 0-0 10. Bxc6 bxc6 11. Na4 f6 12. Nc5 fxe5 13. fxe5 Bc8 14. Bxh6 Bxh6 15. Rf1 Qa5+ 16. c3 Ba6 17. Nxa6 Qxa6 18. Rf3 Rab8 19. Qf2 Qb5 20. b3 Qa5 21. Qc2 Rxf3 22. Nxf3 d4 23. b4 Qd5 24. Rd1 Be3 25. a3 c5 26. Qe2 Qb3 27. cxd4 cxd4 28. Rd3 Qc4 29. Qd1 Qf7 30. Qc2 Rf8 31. Qb3 e6 32. h4 Qf5 33. Qc2 Qg4 34. Qe2 Qg3+ 35. Kd1 Rc8 0-1

[Event "Budapest FS06 FM-A"]
[Site "Budapest"]
[Date "2014.06.14"]
[Round "8"]
[White "Letay, Gyula"]
[Black "Steer, Jozsef"]
[Result "1-0"]
[WhiteElo "1935"]
[BlackElo "1893"]
[PlyCount "65"]
[EventDate "2014.06.07"]
[EventType "tourn"]
[EventRounds "11"]
[EventCountry "HUN"]
[SourceTitle "CBM 160 Extra"]
[Source "ChessBase"]
[SourceDate "2014.07.01"]
[SourceVersion "1"]
[SourceVersionDate "2014.07.01"]
[SourceQuality "1"]

1. e4 c6 2. d3 d5 3. Nd2 g6 4. Ngf3 Bg4 5. h3 Bxf3 6. Qxf3 Bg7 7. g3 e6 8. Bg2 Ne7 9. 0-0 0-0 10. Qe2 Nd7 11. Rb1 Rc8 12. f4 Re8 13. Nf3 c5 14. b3 Nc6 15. Qf2 Nd4 16. Be3 Nxf3+ 17. Qxf3 d4 18. Bd2 b6 19. g4 Qf6 20. g5 Qe7 21. Rbe1 Qd6 22. h4 Nb8 23. h5 Nc6 24. f5 exf5 25. exf5 Rxe1 26. Rxe1 gxh5 27. f6 Bf8 28. Bf4 Qd7 29. Qxh5 Re8 30. Rxe8 Qxe8 31. Be4 h6 32. gxh6 Qe6 33. h7+ 1-0

[Event "Budapest FS11 FM-A"]
[Site "Budapest"]
[Date "2013.11.12"]
[Round "9"]
[White "Bodrogi, Mihaly"]
[Black "Letay, Gyula"]
[Result "0-1"]
[WhiteElo "2108"]
[BlackElo "1925"]
[PlyCount "56"]
[EventDate "2013.11.02"]
[EventType "tourn"]
[EventRounds "9"]
[EventCountry "HUN"]
[SourceTitle "EXT 2015"]
[Source "ChessBase"]
[SourceDate "2014.11.20"]
[SourceVersion "1"]
[SourceVersionDate "2014.11.20"]
[SourceQuality "1"]

1. Nf3 c5 2. e4 a6 3. b3 e6 4. Bb2 Nc6 5. Be2 d5 6. exd5 exd5 7. d4 cxd4 8. Nxd4 Nf6 9. 0-0 Bc5 10. c4 Nxd4 11. Bxd4 Bxd4 12. Qxd4 Be6 13. cxd5 Qxd5 14. Qb2 0-0 15. Bf3 Qd7 16. Nc3 Rac8 17. Na4 Qe7 18. b4 Nd5 19. a3 Bd7 20. Rfe1 Qd6 21. Bxd5 Bxa4 22. Bxb7 Rc2 23. Qe5 Qb6 24. Be4 Qxf2+ 25. Kh1 Rd2 26. Rac1 Bb5 27. Qc5 Qh4 28. Bf3 g6 0-1

[Event "Budapest FS11 FM-A"]
[Site "Budapest"]
[Date "2013.11.11"]
[Round "8"]
[White "Letay, Gyula"]
[Black "Mester, Attila"]
[Result "0-1"]
[WhiteElo "1925"]
[BlackElo "2049"]
[PlyCount "58"]
[EventDate "2013.11.02"]
[EventType "tourn"]
[EventRounds "9"]
[EventCountry "HUN"]
[SourceTitle "EXT 2015"]
[Source "ChessBase"]
[SourceDate "2014.11.20"]
[SourceVersion "1"]
[SourceVersionDate "2014.11.20"]
[SourceQuality "1"]

1. g3 d5 2. Bg2 e5 3. d3 Nc6 4. Nd2 Nf6 5. e4 Be6 6. Ngf3 Qd7 7. Qe2 0-0-0 8. exd5 Nxd5 9. 0-0 f6 10. a3 h5 11. h4 Bg4 12. Qe4 g5 13. Qa4 gxh4 14. Nxh4 Rg8 15. Nc4 Bh3 16. Re1 Bxg2 17. Nxg2 Bc5 18. Be3 Nxe3 19. Ncxe3 f5 20. b4 Bxe3 21. Rxe3 f4 22. Re4 fxg3 23. fxg3 Rxg3 24. b5 Qh3 25. Re2 Rdg8 26. Qe4 Nd4 27. Rf2 Nf3+ 28. Qxf3 Rxf3 29. Rd2 Rfg3 0-1

[Event "Budapest FS11 FM-A"]
[Site "Budapest"]
[Date "2013.11.07"]
[Round "5"]
[White "Lukacs, Albert"]
[Black "Letay, Gyula"]
[Result "1/2-1/2"]
[WhiteElo "1928"]
[BlackElo "1925"]
[PlyCount "145"]
[EventDate "2013.11.02"]
[EventType "tourn"]
[EventRounds "9"]
[EventCountry "HUN"]
[SourceTitle "EXT 2015"]
[Source "ChessBase"]
[SourceDate "2014.11.20"]
[SourceVersion "1"]
[SourceVersionDate "2014.11.20"]
[SourceQuality "1"]

1. e4 c5 2. Nf3 d6 3. Bc4 e6 4. Nc3 a6 5. a4 Nc6 6. 0-0 Nf6 7. Re1 Be7 8. d4 cxd4 9. Nxd4 Qc7 10. Nxc6 bxc6 11. Bf4 e5 12. Bg5 0-0 13. a5 Ng4 14. Qd2 h6 15. Bxe7 Qxe7 16. h3 Nf6 17. Re3 Be6 18. Bxe6 Qxe6 19. Rd3 Rfd8 20. Rd1 Ne8 21. b3 f5 22. exf5 Qxf5 23. Rg3 Qe6 24. Qd3 d5 25. Na4 e4 26. Qd4 Qf6 27. Qxf6 Nxf6 28. Rd4 Kf7 29. Rc3 Rd6 30. Nc5 Ra7 31. Kf1 Ke7 32. Rg3 Nh5 33. Re3 g5 34. Rb4 Nf6 35. Re1 Nd7 36. Nxd7 Kxd7 37. Rb8 Re6 38. f3 Rf6 39. Kf2 exf3 40. gxf3 Kd6 41. b4 Raf7 42. Re3 h5 43. Rg8 Rf4 44. Rxg5 Rxb4 45. Rg6+ Kd7 46. Rc3 Rbf4 47. Rcxc6 Rxf3+ 48. Kg2 h4 49. Rgd6+ Ke7 50. Re6+ Kf8 51. Re2 Rg3+ 52. Kh2 Rff3 53. Rxa6 Rxh3+ 54. Kg1 Rhg3+ 55. Rg2 Rc3 56. Rxg3 Rxg3+ 57. Kh2 Rc3 58. Rf6+ Ke7 59. Rf4 Rxc2+ 60. Kh3 Ra2 61. Rxh4 Rxa5 62. Rh6 Ra8 63. Kg3 Rf8 64. Ra6 Rf5 65. Kg4 Rf1 66. Kg3 Kd7 67. Rb6 Rf8 68. Ra6 Kc7 69. Re6 Kd7 70. Ra6 Ke7 71. Rb6 Kd7 72. Ra6 Rc8 73. Kf3 1/2-1/2

[Event "Budapest FS11 FM-A"]
[Site "Budapest"]
[Date "2013.11.04"]
[Round "2"]
[White "Letay, Gyula"]
[Black "Nagy, Aron"]
[Result "0-1"]
[WhiteElo "1925"]
[BlackElo "2142"]
[PlyCount "54"]
[EventDate "2013.11.02"]
[EventType "tourn"]
[EventRounds "9"]
[EventCountry "HUN"]
[SourceTitle "EXT 2015"]
[Source "ChessBase"]
[SourceDate "2014.11.20"]
[SourceVersion "1"]
[SourceVersionDate "2014.11.20"]
[SourceQuality "1"]

1. e4 e5 2. Nf3 Nc6 3. Bc4 Bc5 4. c3 Nf6 5. d4 exd4 6. cxd4 Bb4+ 7. Nc3 Nxe4 8. Qb3 0-0 9. 0-0 Bxc3 10. bxc3 Na5 11. Bxf7+ Rxf7 12. Qd5 Nxc3 13. Qxa5 Ne2+ 14. Kh1 d6 15. Be3 Rxf3 16. gxf3 Be6 17. f4 Bc4 18. f3 Qe7 19. Qd2 Re8 20. Bf2 Qf7 21. Rae1 Qh5 22. Kg2 Re6 23. f5 Qxf5 24. Be3 Rg6+ 25. Kh1 Ng3+ 26. hxg3 Bxf1 27. Rxf1 Qh3+ 0-1